Latin America: its rise and progress
保存先:
| 第一著者: | |
|---|---|
| フォーマット: | 図書 |
| 言語: | 英語 |
| 出版事項: |
Londres, Inglaterra
T. Fisher Unwin
1913
|
| シリーズ: | The South American Series
|
| 主題: | |
| タグ: |
タグ追加
タグなし, このレコードへの初めてのタグを付けませんか!
|
MARC
| LEADER | 00000nam a2200000 a 4500 | ||
|---|---|---|---|
| 001 | UCO2787 | ||
| 003 | CL-VaPUC | ||
| 005 | 20210921074651.0 | ||
| 008 | 000608e19130000UK |||||||||||||||||eng|d | ||
| 999 | |c 289282 |d 289280 | ||
| 040 | |c Pontificia Universidad Católica de Valparaíso | ||
| 082 | 0 | 4 | |a 980 GAR 1913 |2 21 |
| 100 | |a García Calderón, Francisco |e author |9 446411 | ||
| 245 | 1 | 0 | |a Latin America: |b its rise and progress |
| 260 | |a Londres, Inglaterra |b T. Fisher Unwin |c 1913 | ||
| 300 | |a 406 páginas | ||
| 490 | 0 | |a The South American Series | |
| 583 | |a last modification |c 20000608 00:00:00 |k Rodrigo Vera | ||
| 650 | 0 | |a Historia de América |9 266076 | |
| 650 | 0 | |a Desarrollo político |9 323087 | |
| 650 | 0 | |a Desarrollo económico |9 259599 | |
| 650 | 0 | |a Independencia Americana |z América |9 395691 | |
| 650 | 0 | |a Recursos naturales |z América |9 255232 | |
| 650 | 0 | |a Colonización española |9 256592 | |
| 650 | 0 | |a Guerra de la independencia |z América |9 331979 | |
| 651 | 0 | |a América Latina |9 255027 | |
| 852 | |a BIBCUR | ||
| 942 | |c BK |2 ddc | ||
| 945 | |d 20000608 00:00:00 |a rherrera | ||
| 952 | |0 0 |1 0 |2 ddc |4 0 |6 980_000000000000000_GAR_1913 |7 0 |8 X |9 337549 |a BIBHIS |b BIBHIS |d 2019-11-20 |i 1287354 |o 980 GAR 1913 |p 1287354 |r 2024-01-30 |t 1 |w 2019-11-20 |y BK_X |k HIS | ||
| 952 | |0 0 |1 0 |2 ddc |4 0 |6 980_000000000000000_GAR_1913 |7 0 |8 X |9 337550 |a FDOBUD |b FDOBUD |d 2019-11-20 |i 1039873 |o 980 GAR 1913 |p 1039873 |r 2019-11-20 |t 2 |w 2019-11-20 |y BK_X |k BUD | ||